| 000 | 00906nam a2200289 i 4500 | ||
|---|---|---|---|
| 001 | bg | ||
| 100 | 1 | _aKRCMA, Marianne | |
| 245 | 1 | 0 |
_aMicrosoft Windows 2000 Professional krok po kroku : _bwersja polska / _c[Marianne Krcma ; oprac. wersji pol. Marcin Moskwa]. |
| 246 |
_iTyt. oryg.: _aMicrosoft Windows 2000 Professional step by step |
||
| 260 |
_aWarszawa : _b"RM", _c2000. |
||
| 300 |
_aXXIV, [1], 240, [1] s. ; _c24 cm. |
||
| 490 | 1 | _aKrok po Kroku | |
| 500 | _aTyt. oryg.: "Microsoft Windows 2000 Professional step by step" 1999. | ||
| 504 | _aIndeks. | ||
| 650 | 9 | _aWindows 2000 | |
| 655 | _aPodręczniki | ||
| 700 | 1 |
_aMOSKWA, Marcin. _eTł. |
|
| 830 | _aKrok po Kroku | ||
| 015 | _aPB 14540/2000 | ||
| 020 | _a8372430772 | ||
| 040 | _cBPK | ||
| 041 | 1 |
_apol _heng |
|
| 080 | _a004.451(07) | ||
| 920 | _a83-7243-077-2 | ||
| 942 | _cKS | ||
| 008 | s pl f |000 0 pol | ||
| 999 |
_c51301 _d51301 |
||
| 856 |
_uhttp://koha.tu.koszalin.pl/cgi-bin/koha/opac-detail.pl?biblionumber=51301 _yKatalog online BPK |
||